NFL Players by FlexMate - Statistics

General Stats
  • This quiz has been taken 17 times
  • The average score is 6 of 8
Answer Stats
Picture Answer % Correct
Patrick Mahomes II
100%
Saquon Barkley
90%
Aidan Hutchinson
80%
Alvin Kamara
80%
Bijan Robinson
80%
Miles Garrett
80%
Drake Maye
70%
Anthony Richardson
60%
No matching quizzes found
Score Distribution
Percent of People with Each Score
Percentile by Number Answered
Your Score History
You have not taken this quiz